000 00590nam a2200229Ia 4500
003 OSt
005 20220924123008.0
006 a|||||r|||| 00| 0
007 ta
008 220923b |||||||| |||| 00| 0 urd d
024 _a315162
037 _cTextual
040 _aARTS
_cARTS
_burd
041 _2urd
_aurd
082 _aO168,1N52x, L5
100 _aHunfi Ameeq
_9191341
245 0 _aShajar sada
260 _aLuuckhnow
_bNusat India
_c1975
650 _aURDU POETRY
942 _hO168,1N52x, L5
_cTEXL
_2CC
999 _c413901
_d413901